000
00269nam a2200109 4500
245
_a
It's a battlefield
_c
Graham Greene
100
_a
Greene, Graham
260
_a
Harmondsworth
_b
Penguin Books
_c
1971
300
_a
201p.; 22cm.
020
_a
014000257X
082
_a
823.91
_b
GRE
999
_c
1750
_d
1750